Полное собрание сочинений. Т. 5: Евгений Онегин (Запись № 13632113)

Подробности
000 -МАРКЕР
контрольное поле 01385nam2a2200277 4500
001 - ИДЕНТИФИКАТОР ЗАПИСИ
контрольное поле rc\3059132
005 - ИДЕНТИФИКАТОР ВЕРСИИ
контрольное поле 20260315071717.0
010 ## - МЕЖДУНАРОДНЫЙ СТАНДАРТНЫЙ НОМЕР КНИГИ (ISBN)
Уточнения Переплет
Цена 9 р.
Тираж 20300
021 ## - НОМЕР ГОСУДАРСТВЕННОЙ РЕГИСТРАЦИИ
Код страны Российская Федерация
Номер 35 М5434
035 ## - ДРУГИЕ СИСТЕМНЫЕ НОМЕРА
Идентификатор записи (NLR Aleph) 008786016
100 ## - ДАННЫЕ ОБЩЕЙ ОБРАБОТКИ
Данные общей обработки 20111012d1935 u y0rusy50 ca
101 0# - ЯЗЫК РЕСУРСА
Язык текста, звукозаписи и т.д. русский
102 ## - СТРАНА ПУБЛИКАЦИИ ИЛИ ПРОИЗВОДСТВА
Страна публикации Российская Федерация
105 ## - ПОЛЕ КОДИРОВАННЫХ ДАННЫХ: ТЕКСТОВЫЕ МАТЕРИАЛЫ, МОНОГРАФИЧЕСКИЕ
Кодированные данные о монографическом текстовом документе c zr |1|g|
200 1# - ЗАГЛАВИЕ И СВЕДЕНИЯ ОБ ОТВЕТСТВЕННОСТИ
Основное заглавие Евгений Онегин
Сведения, относящиеся к заглавию роман в стихах
Первые сведения об ответственности подготовка текста и комментарии Г.О. Винокура
210 ## - ПУБЛИКАЦИЯ, РАСПРОСТРАНЕНИЕ И ДР.
Дата издания, распространения и т.д. 1935
215 ## - ФИЗИЧЕСКАЯ ХАРАКТЕРИСТИКА
Специфическое обозначение материала и объем 389, [2] с., 1 вкл. л. портр.
Размеры 13х10
461 #0 - УРОВЕНЬ НАБОРА
Встроенное поле 001rc\3059128
-- 2001#$aПолное собрание сочинений$eв 9 томах$fА.С. Пушкин$gпод общ. ред. Ю.Г. Оксмана и М.А. Цявловского$vТ. 5
-- 700#1$3RU\NLR\AUTH\77386$8rus$7ca$aПушкин$bА. С.$f1799-1837$gАлександр Сергеевич
Системный номер (АБИС) связанной записи 8010938
Автор Пушкин, А. С. (поэт ; 1799-1837)
Место публикации [Москва
Дата публикации 1935-1938
Первые сведения об ответственности А.С. Пушкин
Имя издателя, распространителя и т.д. Academia
Сведения, относящиеся к заглавию в 9 томах
Заглавие Полное собрание сочинений
Номер тома Т. 5
702 #1 - ИМЯ ЛИЦА - ВТОРИЧНАЯ ОТВЕТСТВЕННОСТЬ
Начальный элемент ввода Винокур
Часть имени, кроме начального элемента ввода Г. О.
Даты 1896-1947
Расширение инициалов личного имени Григорий Осипович
Код отношения Составитель
-- Комментатор печатного текста
801 #0 - ИСТОЧНИК ЗАПИСИ
Страна Российская Федерация
Организация NLR
Правила каталогизации psbo
801 #1 - ИСТОЧНИК ЗАПИСИ
Страна Российская Федерация
Организация ELAR
Источник данных rusmarc
801 #2 - ИСТОЧНИК ЗАПИСИ
Страна Российская Федерация
Организация NLR
Дата составления 20120803
Источник данных rusmarc
852 ## - МЕСТОНАХОЖДЕНИЕ И ШИФР ХРАНЕНИЯ
Идентификатор организации NLR
Шифр хранения (Call Number) Пушкин/1-106
942 ## - ДОПОЛНИТЕЛЬНЫЕ ЭЛЕМЕНТЫ ЗАПИСИ (АБИС)
Тип экземпляра АБИС Неопределено
980 ## - КОЛЛЕКЦИЯ
Название коллекции Национальная библиография

Нет доступных экземпляров.